| 000 | 00831nam a2200241 a 4500 | ||
|---|---|---|---|
| 001 | 000025052 | ||
| 005 | 20200930023531.0 | ||
| 008 | 110209s1965 sp a r 000 0 spa d | ||
| 040 |
_aDO-SdBNP _bspa _cBNPHU |
||
| 041 | 1 | 7 |
_aspa _hger _2Código de idiomas MARC |
| 082 |
_ann* _bnn* |
||
| 100 | 1 |
_aEich, Hermann. _951395 |
|
| 240 | 1 | 0 |
_aDie unheimlichen deutschen. _lEspañol |
| 245 | 1 | 4 |
_aLos terribles alemanes : _bradiografía de un pueblo / _cHermann Eich ; traducción de Juan Godo Costa. |
| 260 |
_aBarcelona : _bNoguer, _c1965. |
||
| 300 |
_a358, [7] p. : _bil. ; _c22 cm. |
||
| 490 | 1 | _aEl documento vivo | |
| 534 |
_aTítulo original de la obra : _tDie unheimlichen deutschen |
||
| 504 | _aBibliografía : [359-362] p. | ||
| 700 | 1 |
_aGodo Costa, Juan, _etr. _951396 |
|
| 830 | 0 |
_aEl documento vivo _951397 |
|
| 049 | _aBNGR | ||
| 999 |
_c24545 _d24545 |
||